<?xml version="1.0" encoding="UTF-8"?>
<marc:record xmlns:marc="http://www.loc.gov/MARC21/slim">
   <marc:leader>00000nam a2200000 a 4500</marc:leader>
   <marc:datafield ind1=" " ind2=" " tag="653">
      <marc:subfield code="a">Europa</marc:subfield>
   </marc:datafield>
   <marc:datafield ind1=" " ind2=" " tag="653">
      <marc:subfield code="a">Heilpädagogik</marc:subfield>
   </marc:datafield>
   <marc:datafield ind1=" " ind2=" " tag="653">
      <marc:subfield code="a">Integration</marc:subfield>
   </marc:datafield>
   <marc:datafield ind1=" " ind2=" " tag="653">
      <marc:subfield code="a">Sonderschule</marc:subfield>
   </marc:datafield>
   <marc:datafield ind1=" " ind2=" " tag="653">
      <marc:subfield code="a">Inklusion</marc:subfield>
   </marc:datafield>
   <marc:datafield ind1="0" ind2="0" tag="245">
      <marc:subfield code="a">Heilpädagogik; 2011/Heft 2/2011</marc:subfield>
   </marc:datafield>
   <marc:datafield ind1="0" ind2="0" tag="245">
      <marc:subfield code="b">Fachzeitschrift der Heilpädagogischen Gesellschaft Österreich</marc:subfield>
   </marc:datafield>
   <marc:datafield ind1=" " ind2="1" tag="264">
      <marc:subfield code="b">Kaiser</marc:subfield>
      <marc:subfield code="c">2011</marc:subfield>
   </marc:datafield>
   <marc:datafield ind1="1" ind2=" " tag="490">
      <marc:subfield code="a">Heilpädagogik</marc:subfield>
   </marc:datafield>
   <marc:datafield ind1="1" ind2=" " tag="520">
      <marc:subfield code="a">Editorial: Sonderschule - Integration - Inklusion, Dr. Ernst Tatzer.
Integration und Inklusion in Europa, Irene Moser, Bakk. phil; MA
Modell: SPZ wird Kompetenzzentrum, SDn Angela Dvorak-Fiedler und SObl Wolfgang Weissgärber.
Eine Schule für alle ist notwendig! Welche Perspektiven ergeben sich dabei für Sonderschulen? Dir. Franz Spiesberger.
Selbstvertreter/innen ins Schulsystem, Mag. Dr. Marianne Wilhelm.
Verhaltensbezogenes Feedback in der schulischen Arbeit mit verhaltens- behinderten Kindern und Jugendlichen, Mag. phil. Martin W. Ebner.
Aktuelles - Kommentar zum Volksbegehrenstext, em. Univ.-Prof. Dr. Marian Heitger
</marc:subfield>
   </marc:datafield>
</marc:record>
